01049nam a2200253 i 4500001000700000003000900007005001700016008004100033020001800074080001300092100002800105245004600133260005200179300002200231490011800253500001500371504002000386650002300406650002100429830012600450852007700576999001900653952012300672170045ES-MaACL20230906214254.0090119s1974 gw |||| | ger d a3-525-82354-1 a17.036.21 aFrede, Michael.913919714aDie stoische Logik / cvon Michael Frede. aGöttingen : bVandenhoeck & Ruprecht, c1974. a224 p. ; c25 cm.1 aAbhandlungen der Akademie der Wissenschaften in Göttingen. Philologisch-historische klasse, dritte folge ; v88 aÍndices. aBibliografía.04aEstoicismo.91255504aEstoicos.9125560 aAbhandlungen der Akademie der Wissenschaften in Göttingen. Philologisch-historische klasse, dritte folge ; v8892229474 aES-MaACLjE-12387 9R.140545 z. - Biblioteca Jacinto Martínez Lacalle c170045d170045 00104070aATENEOMbATENEOMcDEPO2d2009-01-19eDONl0oE-12387p1178519r2023-02-23 00:00:00w2023-02-23yMONOGRAFIA